000 00891nam a2200217Ii 4500
003 JO-AjNU
008 230605s9999||||xx |||||||||||||| ||und||
017 _a1975/390
040 _aJO-AjNU
_bara
_erda
_cJO-AjNU
041 _aara
050 1 4 _aHN49 1975
100 3 _aالبصام، ناجي,
_eauthor
_945451
245 0 0 _aادارة التنمية في العراق ومصر : دراسة نظرية واهم القضايا التطبيقية= Development Administration in Iraq and Egypt: A Theoritical Study with the Important practical Issues
250 _aط1
264 3 1 _aبيروت: دار النهضة العربية، 1975
300 _a389ص
_bيحتوي على ببلوغرافية من 369-389ص
336 _atext
_btxt
_2rdacontent
337 _aunmediated
_bn
_2rdamedia
338 _avolume
_bnc
_2rdacarrier
650 4 _aالتنمية - العراق - مصر
_945452
999 _aA19704
_c23272
_d23272